International political economy (Registro nro. 37531)

Detalles MARC
000 -ENCABEZADO
Número de control [NR] 01014nam a2200289Ia 4500
005 - FECHA Y HORA DE LA ÚLTIMA TRANSACCIÓN
control field 20240207081022.0
008 - DE LONGITUD FIJA DE DATOS DE ELEMENTOS - INFORMACIÓN GENERAL
Elementos de longitud fija [NR] 130821s2012 xxuad gr 1 eng
020 ## - NUMERO INTERNACIONAL NORMALIZADO PARA LIBROS [R]
Número Internacional Normalizado del libro [NR] 205060634
020 ## - NUMERO INTERNACIONAL NORMALIZADO PARA LIBROS [R]
ISBN Cancelado/ Invalidado [R] 9780205060633
020 ## - NUMERO INTERNACIONAL NORMALIZADO PARA LIBROS [R]
Número Internacional Normalizado del libro [NR] 9780205060634 (5a.Ed.)
020 ## - NUMERO INTERNACIONAL NORMALIZADO PARA LIBROS [R]
Número Internacional Normalizado del libro [NR] 9780205723775 (4a.Ed.)
020 ## - NUMERO INTERNACIONAL NORMALIZADO PARA LIBROS [R]
Número Internacional Normalizado del libro [NR] 9781032447933 (7a.Ed.)
040 ## - FUENTE DE CATALOGACION [NR]
Agencia de catalogación original [NR] CO-BoUCM
Idioma de catalogación [NR] spa
Quien Cataloga Deissy Garcia (modificó)
Quien Clasifica David Moreno (modificó)
041 00 - CODIGO DE IDIOMA [R]
Código de idioma para texto/pista de sonido o título separado [R] Inglés
100 1# - ASIENTO PRINCIPAL--NOMBRE PERSONAL [NR]
Nombre personal [NR] Oatley, Thomas H.
Fechas asociadas con el nombre [NR] 1962-
ID Autoridad 51327
245 10 - MENCION DE TITULO [NR]
Título [NR] International political economy
Mención de responsabilidad, etc. [NR] Thomas Oatley
250 ## - MENCION DE EDICION [NR]
Mención de edición [NR] Septima edición
260 ## - PUBLICACION, DISTRIBUCION, ETC. (PIE DE IMPRENTA) [R]
Lugar de publicación, distribución, etc. [R] Boston (Massachusetts, Estados Unidos)
Nombre del editor, distribuidor, etc. [R] Longman
Fecha de publicación, distribución, etc. [R] 2016
300 ## - DESCRIPCION FISICA [R]
Extensión [R] xv, 416 páginas
Otros detalles físicos [NR] gráficas
504 ## - NOTA DE BIBLIOGRAFIA, ETC. [R]
Nota de bibliografía, etc. [NR] Incluye referencias bibliográficas e índices y glosario
650 #7 - ASIENTO SECUNDARIO DE MATERIA - TERMINO TEMATICO [R]
Término temático o nombre geográfico como elemento de entrada [NR] Economía internacional
9 (RLIN) 7543
650 #7 - ASIENTO SECUNDARIO DE MATERIA - TERMINO TEMATICO [R]
Término temático o nombre geográfico como elemento de entrada [NR] Finanzas internacionales
9 (RLIN) 15897
650 #7 - ASIENTO SECUNDARIO DE MATERIA - TERMINO TEMATICO [R]
Término temático o nombre geográfico como elemento de entrada [NR] Globalización
9 (RLIN) 216
690 ## - ASUNTO AGREGADO LOCAL DE ENTRADA - TÉRMINO TEMÁTICO (OCLC, RLIN)
Acceso temático local Economía internacional
9 (RLIN) 7543
942 ## - ELEMENTOS DE ENTRADA AGREGADOS (KOHA)
Tipo de ítem principal el descrito en 300a Libro
Tema principal Economía
Edición 7
Parte restante de la signatura top. O119i
Sistema de clasificación DEWEY
Clasificación 337
Título oculto en OPAC No
Existencias
Fecha de último préstamo Total préstamos Total Renewals Signatura topográfica Código de barras Última vez visto Volúmen / Fascículo Ejemplar Price effective from Tipo de ítem Perdido Sistema de clasificación Dañado No prestable Tipo de ítem específico Suprimido Ubicación habitual Ubicación actual Localización Fecha de creación Forma de adquisición Costo Costo de reposición Proveedor
23/05/2019 68 1 337 O119i 100125451 04/12/2025 5a.Ed. Ej.1 03/02/2013 Libro   DEWEY     Libro   Claustro Claustro Mezanine 28/02/2012 Compra 119173.00    
16/09/2019 48 12 337 O119i 100125435 04/12/2025 5a.Ed. Ej.3 03/02/2013 Libro de reserva   DEWEY     Libro de reserva   Claustro Claustro Mezanine 28/02/2013 Compra 117500.00    
27/04/2019 68 27 337 O119i 100125434 04/12/2025 5a.Ed. Ej.2 03/02/2013 Libro   DEWEY     Libro   Claustro Claustro Mezanine 28/02/2013 Compra 117300.00    
11/04/2019 20 3 337 O119i 100112118 04/12/2025 4a. Ed. Ej.3 03/02/2013 Libro   DEWEY     Libro   Claustro Claustro Mezanine 30/09/2011 Compra 158900.00    
07/02/2019 24 3 337 O119i 100112117 04/12/2025 4a. Ed. Ej.2 03/02/2013 Libro   DEWEY     Libro   Claustro Claustro Mezanine 30/09/2011 Compra 158900.00    
13/05/2019 22 2 337 O119i 100112119 04/12/2025 4a. Ed. Ej.1 03/02/2013 Libro         Libro   Claustro Claustro Mezanine 30/09/2011 Compra 158900.00    
13/05/2019 22 14 337 O119i 100137778 04/12/2025 5a.Ed. Ej.4 06/11/2013 Libro   DEWEY     Libro   Claustro Claustro Mezanine 06/11/2013 Compra 202500.00 202500.00 15
16/01/2025 2   337 O119i 100172281 04/12/2025 7a.Ed. Ej.1 07/02/2024 Libro   DEWEY     Libro   Claustro Claustro Mezanine 07/02/2024 Compra 323180.00